[Event "FRA-chT2 1011"]
[Site "France"]
[Date "2010.10.17"]
[Round "1.5"]
[White "Miletic, Branislav"]
[Black "Hertzog, Walter"]
[Result "1-0"]
[WhiteElo "1994"]
[BlackElo "1999"]
[PlyCount "45"]
[EventDate "2010.10.17"]
[EventType "team-tourn"]
[EventRounds "11"]
[EventCountry "FRA"]
[SourceTitle "EXT 2012"]
[Source "ChessBase"]
[SourceDate "2011.11.24"]
[SourceVersion "1"]
[SourceVersionDate "2011.11.24"]
[SourceQuality "1"]

1. d4 d5 2. Nf3 Nf6 3. c4 c6 4. Nc3 e6 5. e3 Nbd7 6. Bd3 Bd6 7. 0-0 0-0 8. e4 dxe4 9. Nxe4 Nxe4 10. Bxe4 h6 11. Bd2 Nf6 12. Bc2 b6 13. Bc3 Bb7 14. Qe2 Qe7 15. a3 a5 16. Rfe1 Rfe8 17. Qd3 Rad8 18. Re2 Bc7 19. Rae1 Ba6 20. a4 Kf8 21. h3 c5 22. d5 Nxd5 23. Bxg7+ 1-0

[Event "FRA-chT2"]
[Site "France"]
[Date "2002.03.??"]
[Round "10"]
[White "Helstroffer, Arnaud"]
[Black "Miletic, Branislav"]
[Result "1-0"]
[WhiteElo "2074"]
[BlackElo "2000"]
[PlyCount "67"]
[EventDate "2002.??.??"]
[EventType "team"]
[EventRounds "11"]
[EventCountry "FRA"]
[SourceTitle "EXT 2003"]
[Source "ChessBase"]
[SourceDate "2002.11.25"]
[SourceVersion "1"]
[SourceVersionDate "2002.11.25"]
[SourceQuality "1"]

1. e4 d6 2. d4 Nf6 3. Nc3 g6 4. f4 Bg7 5. Nf3 c6 6. Bd3 d5 7. e5 Ng8 8. 0-0 e6 9. Be3 Ne7 10. Ne2 Nd7 11. Qd2 Nb6 12. b3 0-0 13. c3 Kh8 14. Bf2 Qc7 15. Kh1 Nd7 16. Ng5 h6 17. Nf3 Rg8 18. g4 c5 19. Rg1 Bf8 20. Rg3 c4 21. Bc2 Nb6 22. Rh3 Kh7 23. Bh4 Rh8 24. Rg1 Bg7 25. Bf6 Kg8 26. f5 exf5 27. Bxe7 Qxe7 28. gxf5 Qa3 29. Rhg3 cxb3 30. axb3 Bxf5 31. Bxf5 Qxb3 32. e6 Kf8 33. Bxg6 Bf6 34. Qf4 1-0